| 000 | 00506nam a22001937a 4500 | ||
|---|---|---|---|
| 005 | 20251108174659.0 | ||
| 008 | 250721s9999 xx 000 0 ara d | ||
| 082 | 1 | 4 | _aJ/372.21/COL |
| 100 | 1 |
_aairs، mark _eIllus. |
|
| 245 | 1 | 0 | _acolours and shapes / |
| 264 | 1 |
_alondon : _bladybird books، _c[200-]. |
|
| 300 | _a13ص. | ||
| 650 | 1 | 7 | _aCHILDREN |
| 650 | 1 | 7 | _aLEARNING |
| 650 | 1 | 7 | _aCOLOURS |
| 653 | _aاطفال ما قبل المدرسه(0-5)سنوات | ||
| 942 |
_2ddc _cBK |
||
| 999 |
_c115296 _d115296 |
||